PLK Discographie - Statistiques

Statistiques générales
  • Ce quiz a été pris 451 fois
  • Le résultat moyen est 66 sur 156
Statistiques - réponses
% Correct
Le P
98%
Polak
74%
2069’ POL-AK
74%
1€/1Eu
73%
Copine
73%
Pocahontas
71%
Tu dors ?
70%
Sex Model
69%
Nouvelles
68%
Pilote
63%
Ténébreux
63%
Toi
63%
Mamie
62%
Sac à dos
62%
Aimer
61%
Mental
61%
Un peu de haine
60%
Demain
59%
Porte d’Orléans
59%
Faut pas
57%
Henri cimer
57%
Monégasque
57%
All night
56%
Attentat
56%
Le cœur des hommes
56%
Problèmes
56%
Tout recommencer
56%
Grand Garçon Tu crois j’suis con ou quoi
54%
Bunkoeur
53%
Idiote
53%
Il pleut à Paris
53%
Dingue
52%
Hola
52%
Pas comme eux
52%
TT
52%
Wemby
52%
250
51%
Casino
51%
Hier
51%
Pourtant
51%
Polak Intro
50%
7/7
49%
Enna Bénef
49%
Bleu & rouge
49%
Façon d’penser
49%
Nana
49%
Du mal
48%
Go
48%
On sait jamais
48%
A la base
47%
Décembre
47%
En mieux
47%
Le sel
47%
Pelo
47%
A A A
46%
Business class
46%
Dis-moi oui
46%
En ville
46%
Plus j’avance
46%
Sacré quotidien
46%
Enna Boost Boost
45%
Ça mène à rien
45%
Panama Bende
45%
Waow
44%
Part.2 Chambre 140
43%
Enna
43%
Hubert et Saïd
43%
Ils nous comprennent pas
43%
La nuit
43%
260
42%
Arai
42%
Bikini Bottom
42%
Billet d’20
42%
Chandon et Moët
42%
Chouchou
42%
Pas les mêmes
42%
Périph
42%
Platinum
42%
10 minutes
41%
Chambre 140Part.1 EA7
41%
Jamie Bynoe-Gittens
41%
Toutes générations
41%
Amérique
40%
C’est mort
40%
R.A.F
40%
Yeux
39%
3 en 1
38%
Avec moi
38%
Cash
38%
Toute l’année
38%
Dans les clips
37%
Gozier
37%
Les comptes
37%
Mignon tout plein
37%
Onana
37%
Pas ce soir
37%
Sans suite
37%
Weed
37%
J’attends
36%
Pas de sentiments
36%
Ténébreux Amigo
35%
Calme
35%
Cartelo
35%
Flash
35%
Gare du Nord
35%
Incontrolables
35%
RS3
35%
Séparer
35%
Travailler
35%
Mental Intr100000
34%
Terrible
34%
Corazon
33%
Enfant du hall
33%
Meilleur cauchemar
33%
Mentalité
33%
P*tain
33%
Temps perdu
33%
Alleluia
32%
Au fond d’ma tête
32%
High
32%
Perdu
32%
Sun
32%
Une pêche une patate
32%
V2V
32%
Dégaine de bandit
31%
Ma génération
31%
Part.3 Ça fait longtemps
30%
Dangereux
30%
Platinum Pas besoin
30%
10 Millions
29%
Fin de mois
28%
Homies
28%
La rue
28%
Mon poto
28%
Dedans Plata O Plomo
28%
Avec les miens
27%
Colis piégés
27%
La vie c’est marrant
27%
Olcho Gvng
27%
Si ça marche plus
27%
Faut croire
26%
Shérif
26%
A l’envers
25%
Izé
25%
Peur de Me tromper Peur de me tromper
23%
Skuu
23%
C’est grave
22%
Émotif(Booska 1H)
21%
Juste un petit peu
21%
La vraie vie
21%
Niveau
21%
Hall
20%
Flamenco-Bonus Track
14%
Dylan
13%
Gitanerie
9%
Palm Trees Remix
4%
Aucun quiz correspondant
Distribution des résultats
% des personnes avec chaque résultat
Percentile par nombre de réponses
Votre historique - résultats
Vous n’avez pas pris ce quiz